Trouvez tous les personnages de Valorant - Statistiques

Statistiques générales
  • Ce quiz a été pris 13 fois
  • Le résultat moyen est 23 sur 29
Statistiques - réponses
Réponse % Correct
Reyna
100%
Breach
90%
Brimstone
90%
Clove
90%
Cypher
90%
Jett
90%
Kayo
90%
Neon
90%
Phoenix
90%
Raze
90%
Skye
90%
Chamber
80%
Deadlock
80%
Fade
80%
Gekko
80%
Harbor
80%
Killjoy
80%
Omen
80%
Sage
80%
Sova
80%
Yoru
80%
Astra
70%
Iso
70%
Veto
70%
Viper
70%
Waylay
70%
Miks
60%
Vyse
60%
Tejo
50%
Aucun quiz correspondant
Distribution des résultats
% des personnes avec chaque résultat
Percentile par nombre de réponses
Votre historique - résultats
Vous n’avez pas pris ce quiz